Nonverbal communication in human interaction. / (Record no. 8317)
[ view plain ]
| 000 -LEADER | |
|---|---|
| fixed length control field | 02177cam a22003617a 4500 |
| 001 - CONTROL NUMBER | |
| control field | 13779754 |
| 003 - CONTROL NUMBER IDENTIFIER | |
| control field | OSt |
| 005 - DATE AND TIME OF LATEST TRANSACTION | |
| control field | 20211218123521.0 |
| 008 - FIXED-LENGTH DATA ELEMENTS--GENERAL INFORMATION | |
| fixed length control field | 041112s2006 caua b 001 0 eng |
| 010 ## - LIBRARY OF CONGRESS CONTROL NUMBER | |
| LC control number | 2004116430 |
| 020 ## - INTERNATIONAL STANDARD BOOK NUMBER | |
| International Standard Book Number | 9780534625634 |
| 020 ## - INTERNATIONAL STANDARD BOOK NUMBER | |
| International Standard Book Number | 0534625630 |
| 035 ## - SYSTEM CONTROL NUMBER | |
| System control number | (OCoLC)ocm59141125 |
| 040 ## - CATALOGING SOURCE | |
| Original cataloging agency | ESU |
| Transcribing agency | ESU |
| Modifying agency | DLC |
| 042 ## - AUTHENTICATION CODE | |
| Authentication code | lccopycat |
| 050 00 - LIBRARY OF CONGRESS CALL NUMBER | |
| Classification number | BF637.N66.K63 |
| 100 1# - MAIN ENTRY--PERSONAL NAME | |
| Personal name | Knapp, Mark L. |
| 245 10 - TITLE STATEMENT | |
| Title | Nonverbal communication in human interaction. / |
| Statement of responsibility, etc. | Mark L. Knapp, Judith A. Hall. |
| 250 ## - EDITION STATEMENT | |
| Edition statement | 6th ed. |
| 260 ## - PUBLICATION, DISTRIBUTION, ETC. | |
| Place of publication, distribution, etc. | Belmont, CA : |
| Name of publisher, distributor, etc. | Thomson/Wadsworth, |
| Date of publication, distribution, etc. | 2006. |
| 300 ## - PHYSICAL DESCRIPTION | |
| Extent | xiii, 490 p. : |
| Other physical details | ill. ; |
| Dimensions | 24 cm. |
| 504 ## - BIBLIOGRAPHY, ETC. NOTE | |
| Bibliography, etc. note | Includes bibliographical references and indexes. |
| 505 ## - FORMATTED CONTENTS NOTE | |
| Formatted contents note | Contents: 1. An introduction to the study of nonverbal communication -- The Roots of nonverbal behavior -- The ability to receive and send nonverbal signs -- 2. The communication environment: The Effects of the environment on human condition -- The effects of territory and personal space on human communication -- 3. The communicators: The Effects of physical characteristics on human communication -- 4. The Communicator's behavior: The Effects of gesture and posture on human condition -- The Effects of touch on human communication -- The Effects of the face on human communication -- The Effects of eye behavior on human communication -- The Effects of vocal cues that accompany spoken words -- 5. Communicating important messages: Using nonverbal behavior in daily interaction -- Nonverbal messages in special contexts -- |
| 650 #0 - SUBJECT ADDED ENTRY--TOPICAL TERM | |
| Topical term or geographic name entry element | Body language. |
| 700 1# - ADDED ENTRY--PERSONAL NAME | |
| Personal name | Hall, Judith A. |
| 856 42 - ELECTRONIC LOCATION AND ACCESS | |
| Materials specified | Publisher description |
| Uniform Resource Identifier | <a href="http://www.loc.gov/catdir/enhancements/fy1103/2004116430-d.html">http://www.loc.gov/catdir/enhancements/fy1103/2004116430-d.html</a> |
| 856 41 - ELECTRONIC LOCATION AND ACCESS | |
| Materials specified | Table of contents only |
| Uniform Resource Identifier | <a href="http://www.loc.gov/catdir/enhancements/fy1103/2004116430-t.html">http://www.loc.gov/catdir/enhancements/fy1103/2004116430-t.html</a> |
| 856 42 - ELECTRONIC LOCATION AND ACCESS | |
| Materials specified | Contributor biographical information |
| Uniform Resource Identifier | <a href="http://www.loc.gov/catdir/enhancements/fy1302/2004116430-b.html">http://www.loc.gov/catdir/enhancements/fy1302/2004116430-b.html</a> |
| 906 ## - LOCAL DATA ELEMENT F, LDF (RLIN) | |
| a | 0 |
| b | ibc |
| c | copycat |
| d | 3 |
| e | epcn |
| f | 20 |
| g | y-gencatlg |
| 942 ## - ADDED ENTRY ELEMENTS (KOHA) | |
| Source of classification or shelving scheme | Library of Congress Classification |
| Koha item type | Books |
| Withdrawn status | Lost status | Source of classification or shelving scheme | Damaged status | Not for loan | Home library | Current library | Shelving location | Date acquired | Total Checkouts | Full call number | Barcode | Date last seen | Copy number | Price effective from | Koha item type | Date last checked out |
|---|---|---|---|---|---|---|---|---|---|---|---|---|---|---|---|---|
| Library of Congress Classification | WISCONSIN INTERNATIONAL UNIVERSITY COLLEGE, GHANA KUMASI LIBRARY | WISCONSIN INTERNATIONAL UNIVERSITY COLLEGE, GHANA KUMASI LIBRARY | General Stacks | 13/11/2019 | BF637.N66.K63(6e) | K/2132/2132/19 | 17/12/2021 | 1 | 17/12/2021 | Books | ||||||
| Library of Congress Classification | WISCONSIN INTERNATIONAL UNIVERSITY COLLEGE, GHANA KUMASI LIBRARY | WISCONSIN INTERNATIONAL UNIVERSITY COLLEGE, GHANA KUMASI LIBRARY | General Stacks | 13/11/2019 | BF637.N66.K631(6e) | K/2133/2133/19 | 17/12/2021 | 2 | 17/12/2021 | Books | ||||||
| Library of Congress Classification | WISCONSIN INTERNATIONAL UNIVERSITY COLLEGE, GHANA KUMASI LIBRARY | WISCONSIN INTERNATIONAL UNIVERSITY COLLEGE, GHANA KUMASI LIBRARY | General Stacks | 13/11/2019 | 1 | BF637.N66.K632(6e) | K/2134/2134/19 | 24/10/2024 | 3 | 17/12/2021 | Books | 24/10/2024 |
